000 00238nam a2200109Ia 4500
005 20251222175922.0
008 251222s9999||||xx |||||||||||||| ||spa||
082 _a335/M26
100 _aMarx, Carlos
245 0 _aEl Capital:
942 _cLIB
999 _c40718
_d40718